| 000 | 00514nam a2200181Ia 4500 | ||
|---|---|---|---|
| 003 | 0100 | ||
| 005 | 20150107150524.0 | ||
| 008 | 130303s9999 xx 000 0 und d | ||
| 040 | _cARRUPELIB | ||
| 050 | _aRC480.5.F741969 | ||
| 100 |
_aFrankl, Viktor E _913547 |
||
| 245 | 4 | _aThe Will to Meaning | |
| 245 | _bFoundations and Applications of Logotherapy | ||
| 260 |
_aNew York _bNew American Library _c1969 |
||
| 300 | _a181p | ||
| 650 |
_bHusserl, Edmund--Theory of meaning _913548 |
||
| 942 | 0 | 0 |
_06 _2lcc _cMONOGRAPH |
| 999 |
_c35272 _d35272 |
||